| 000 | 00000cam 2200000zi 4500 |
| 001 | 9.960795 |
| 003 | CaOODSP |
| 005 | 20260515090852 |
| 006 | m o d f |
| 007 | cr cn |||||||| |
| 008 | 260310e202604 oncbd ob f000 0 fre d |
| 020 | |a9780660988931 |
| 040 | |aCaOODSP|bfre|erda|cCaOODSP |
| 043 | |an-cn--- |
| 086 | 1 |aFs70-5/2026-026F-PDF |
| 100 | 1 |aRegular, Paul M., |eauteur. |
| 245 | 10|aÉvaluation du stock de morue du Nord (Gadus morhua) dans les divisions 2J3KL de NAFO en 2025 / |cPaul M. Regular, Katherine Skanes, Rajeev Kumar, Rick M. Rideout, Emilie Novaczek, Samantha Trueman, Robert S. Gregory, Mariano Koen-Alonso et Karen S. Dwyer. |
| 264 | 1|aOttawa (Ontario) : |bSecrétariat canadien de consultation scientifique, |cavril 2026. |
| 264 | 4|c©2026 |
| 300 | |a1 ressource en ligne (v, 104 pages) : |bcartes, graphiques. |
| 336 | |atexte|btxt|2rdacontent/fre |
| 337 | |ainformatique|bc|2rdamedia/fre |
| 338 | |aressource en ligne|bcr|2rdacarrier/fre |
| 490 | 1 |aDocument de recherche, |x2292-4272 ; |v2026/026 |
| 500 | |aPublié aussi en anglais sous le titre : Assessment of the Northern Cod (Gadus morhua) stock in NAFO Divisions 2J3KL in 2025. |
| 504 | |aComprend des références bibliographiques (pages 21-25). |
| 650 | 6|aMorue|zTerre-Neuve-et-Labrador|zAtlantique, Côte de l'. |
| 650 | 6|aMorue|xPêche commerciale|zTerre-Neuve-et-Labrador|zAtlantique, Côte de l'. |
| 650 | 6|aRessources halieutiques|xÉvaluation|zTerre-Neuve-et-Labrador|zAtlantique, Côte de l'. |
| 710 | 1 |aCanada. |bMinistère des pêches et des océans. |bRégion de Terre-Neuve et du Labrador, |eorganisme de publication. |
| 710 | 2 |aSecrétariat canadien de consultation scientifique, |eorganisme de publication. |
| 775 | 08|tAssessment of the Northern Cod (Gadus morhua) stock in NAFO Divisions 2J3KL in 2025 / |w(CaOODSP)9.960794 |
| 830 | #0|aDocument de recherche (Secrétariat canadien de consultation scientifique)|v2026/026.|w(CaOODSP)9.503788 |
| 856 | 40|qPDF|s18.2 Mo|uhttps://publications.gc.ca/collections/collection_2026/mpo-dfo/fs70-5/Fs70-5-2026-026-fra.pdf |